Top 15 dei paesi con decessi Covid-19 - 27 ottobre 2021 - Statistics

Statistiche generali
  • Questo quiz è stato fatto 11 volte
  • Il punteggio medio è 13 su 25
Statistiche sulle risposte
paese % Corretto
Italia
100%
Stati Uniti
100%
Brasile
88%
Francia
88%
India
88%
Russia
88%
Argentina
75%
Germania
75%
Messico
75%
Regno Unito
63%
Iran
50%
Perù
50%
Cechia
38%
Colombia
38%
Romania
38%
Slovacchia
38%
Slovenia
38%
Bosnia ed Erzegovina
25%
Bulgaria
25%
Georgia
25%
Indonesia
25%
Paraguay
25%
Sudafrica
25%
Macedonia del Nord
13%
Ungheria
13%
Nessun quiz corrispondente trovato
Distribuzione punteggi
Percentuale di utenti per punteggio
Percentile per numero di risposta
I tuoi punteggi nel tempo
Non hai fatto questo quiz